| 000 | 01395nam0a2200349 4500 | ||
|---|---|---|---|
| 001 | RU\NLR\bibl\1843755 | ||
| 005 | 20260405152753.0 | ||
| 010 |
_a978-5-7761-1959-0 _9150 |
||
| 021 |
_aRU _b2011-91644 _96561 |
||
| 035 | _a(nilc)RSL-KNO-005081438 | ||
| 035 | _a(NLR Aleph) 001834200 | ||
| 090 |
_a2181464 _c2181464 |
||
| 100 | _a20111206d2009 |||y0rusy50 ca | ||
| 101 | 0 | _arus | |
| 102 | _aRU | ||
| 105 | _aa ||||||||| | ||
| 200 | 1 |
_aСказка о мышке-царевне _aСказка о золотой уздечке _fЛада Аюдаг _g[рис. авт.] |
|
| 210 |
_aКазань _cМагариф _d2009 |
||
| 215 |
_a18, [2] с. _cил. _d21 |
||
| 311 | _aЛадушкины сказки: прил. худож.-лит. развлекат. изд. для взрослых и детей "Цветария" (N°1, 2009) | ||
| 422 | 0 |
_12001#$aЛадушкины сказки$eприложение _tЛадушкины сказки |
|
| 422 | 0 |
_12001#$aЦветария$eальманах _tЦветария |
|
| 686 |
_aШ9(2)6=Р70-2 _2rubbk |
||
| 686 | _aШ9(2)60=Р7-2 | ||
| 700 | 1 |
_4070 _8rus _7ca _aАюдаг _bЛ. В. _f1963- _gЛада Валерьевна _3RU\NLR\auth\7763843 _946772 |
|
| 801 | 0 |
_aRU _bРГБ _c20111125 _grcr |
|
| 801 | 1 |
_aRU _bРГБ _c20111125 |
|
| 801 | 2 |
_aRU _bNLR _c20111206 _grcr |
|
| 942 | _cBOOK | ||
| 980 | _aNB | ||